[Event "Tata Steel TCh-Asia w"]
[Site "Kolkata IND"]
[Date "2009.12.22"]
[Round "1"]
[White "Mohota,N"]
[Black "Liu Yang"]
[Result "1/2-1/2"]
[WhiteElo "2351"]
[BlackElo "2066"]

1.d4 d5 2.c4 e6 3.Nc3 Nf6 4.Nf3 Be7 5.Bf4 O-O 6.e3 c5 7.dxc5 Qa5 8.Nd2 dxc4
9.Nxc4 Qxc5 10.Bd6 Bxd6 11.Qxd6 Na6 12.Qxc5 Nxc5 13.Nd6 Rd8 14.Rd1 Bd7 15.e4 Bc6
16.f3 Ne8 17.Nc4 Rxd1+ 18.Kxd1 Rd8+ 19.Kc2 b6 20.Be2 Nc7 21.Ne5 Be8 22.Nd3 N7a6
23.Nxc5 Nxc5 24.Bc4 Kf8 25.g4 Bc6 26.b4 Nd7 27.Be2 Ne5 28.a4 Rd4 29.b5 Bb7
30.Rd1 Rxd1 31.Nxd1 f5 32.Nf2 fxg4 33.fxg4 Nf3  1/2-1/2

[Event "Open A"]
[Site "Groningen NED"]
[Date "2009.12.23"]
[Round "3"]
[White "Werle,J"]
[Black "Meijers,V"]
[Result "1-0"]
[WhiteElo "2565"]
[BlackElo "2488"]

1.d4 Nf6 2.c4 e6 3.Nf3 d5 4.Nc3 Be7 5.Bf4 O-O 6.e3 b6 7.Rc1 Bb7 8.cxd5 exd5
9.Bd3 a6 10.O-O c5 11.Ne5 c4 12.Bb1 b5 13.Qf3 Nbd7 14.a3 Re8 15.Rcd1 Qc8
16.Bg5 Nxe5 17.dxe5 d4 18.Qg3 Ng4 19.Rxd4 Nxe5 20.Bxe7 Rxe7 21.Qh4 f6 22.Qxh7+ Kf7
23.Ne4 Rd7 24.f4 Nd3 25.Bxd3 cxd3 26.Ng5+ fxg5 27.fxg5+ Ke7 28.Qxg7+ Kd8
29.Rf8+ Kc7 30.Rxc8+ Bxc8 31.Qe5+ Kb6 32.Rd6+  1-0

[Event "85th Masters"]
[Site "Hastings ENG"]
[Date "2009.12.28"]
[Round "1"]
[White "Williams,Si1"]
[Black "Addison,B"]
[Result "1-0"]
[WhiteElo "2550"]
[BlackElo "2258"]

1.d4 d5 2.c4 e6 3.Nc3 Nf6 4.Nf3 Be7 5.Bf4 O-O 6.a3 Nbd7 7.Nb5 Ne8 8.e3 a6
9.Nc3 c6 10.Qc2 b5 11.c5 g5 12.Bg3 f5 13.Bd3 Rf7 14.h4 g4 15.Ng5 Bxg5 16.hxg5 Qxg5
17.Ne2 Ndf6 18.Bf4 Qg7 19.f3 Raa7 20.O-O-O a5 21.Rh4 b4 22.a4 Rfb7 23.b3 Rf7
24.Rdh1 Ba6 25.Bxa6 Rxa6 26.Bh6 Qh8 27.Nf4 Re7 28.Bf8 Kxf8 29.Ng6+ Kg7 30.Nxh8 Kxh8
31.Rh6 Raa7 32.Qf2 Rg7 33.Qh4 Raf7 34.Qh2 Kg8 35.Qe5  1-0

[Event "39th Rilton Cup"]
[Site "Stockholm SWE"]
[Date "2009.12.28"]
[Round "2"]
[White "Angskog,K"]
[Black "Vovk,Ok"]
[Result "1-0"]
[WhiteElo "2229"]
[BlackElo "2145"]

1.Nf3 d5 2.c4 e6 3.d4 Nf6 4.Nc3 Be7 5.Bf4 c6 6.e3 O-O 7.Rc1 Nbd7 8.a3 b6
9.cxd5 exd5 10.Bd3 Bb7 11.Ng5 a6 12.Qc2 h6 13.h4 c5 14.Bh7+ Kh8 15.Bf5 Kg8
16.Bh7+ Kh8 17.Bf5 Kg8 18.Be5 Nxe5 19.dxe5 Ne4 20.Ngxe4 dxe4 21.Rd1 Qb8 22.Bxe4 Rd8
23.O-O Bxh4 24.Rxd8+ Bxd8 25.Rd1 Bxe4 26.Qxe4 Qc8 27.Rd6 Rb8 28.Qd5 Be7 29.Rd7 Qe8
30.e6 Kf8 31.Qf5 g6 32.Qe5 fxe6 33.Qh8+ Kf7 34.Qh7+ Kf8 35.Rxe7 Qxe7 36.Qh8+ Kf7
37.Qxb8 b5 38.Qf4+ Kg7 39.Qe5+ Kh7 40.Ne4 Qd8 41.Nf6+ Kg7 42.Nh5+  1-0

[Event "52nd It"]
[Site "Reggio Emilia ITA"]
[Date "2009.12.29"]
[Round "2"]
[White "Jobava,Ba"]
[Black "Bologan,V"]
[Result "1-0"]
[WhiteElo "2696"]
[BlackElo "2692"]

1.d4 Nf6 2.c4 e6 3.Nf3 d5 4.Nc3 Be7 5.Bf4 O-O 6.e3 Nbd7 7.a3 c5 8.cxd5 Nxd5
9.Nxd5 exd5 10.Bd3 Qa5+ 11.Kf1 Qb6 12.Qc2 h6 13.h4 cxd4 14.exd4 Bd6 15.Bxd6 Qxd6
16.g3 Nf6 17.Kg2 Be6 18.Qc5 Qd8 19.Rac1 Ne4 20.Qc7 Nd6 21.Ne5 Rc8 22.Qxd8 Rfxd8
23.Kf3 Bf5 24.Kf4 Bxd3 25.Rxc8 Rxc8 26.Nxd3 Nb5 27.Rc1 Rd8 28.Ke3 Re8+ 29.Kd2 b6
30.Nf4 Nxd4 31.Rc7 Nf3+ 32.Kd3 d4 33.Nd5 Ne1+ 34.Kxd4 Re2 35.b4 Nf3+ 36.Kd3 Rd2+
37.Ke4 Nh2 38.Rxa7 f5+ 39.Ke5 Nf3+ 40.Kxf5 Nd4+ 41.Kg6 Ne6 42.Ne7+ Kf8 43.Nf5 Kg8
44.Nxg7  1-0

[Event "26th Open"]
[Site "Travemuender GER"]
[Date "2009.12.29"]
[Round "5"]
[White "Stocek,J"]
[Black "Schmidt,Ha"]
[Result "1-0"]
[WhiteElo "2592"]
[BlackElo "2408"]

1.d4 Nf6 2.c4 e6 3.Nc3 d5 4.Nf3 Be7 5.Bf4 O-O 6.e3 c5 7.dxc5 Bxc5 8.Qc2 dxc4
9.Bxc4 a6 10.O-O Nbd7 11.Rfd1 b5 12.Bd3 Bb7 13.Ng5 h6 14.Nh7 Nxh7 15.Bxh7+ Kh8
16.Be4 Qc8 17.Rac1 Nf6 18.Bxb7 Qxb7 19.Nxb5 Qxb5 20.Qxc5 Qxb2 21.Be5 Qe2
22.Bxf6 gxf6 23.Qd4 Kg7 24.Rd2 Rac8 25.Rcd1 Qh5 26.Qd6 a5 27.Qg3+ Kh7 28.Qf4 Qg6
29.Qa4 Rc5 30.g3 Rb8 31.Kg2 Rb1 32.Rxb1 Qxb1 33.Rd7 Qg6 34.Ra7 Qh5 35.Qd7 Qd5+
36.Qxd5 Rxd5 37.Rxf7+ Kg6 38.Ra7 f5 39.Kf3 Rc5 40.a4 Kf6 41.Ke2 Rc2+ 42.Ke1 Rc5
43.Kd2 Rd5+ 44.Ke2 Rc5 45.h4 Kg6 46.Ra6 Kf6 47.Kd3 Rd5+ 48.Kc4 Rd2 49.f4 Rg2
50.Rxa5 Rxg3 51.Re5 Rg1 52.a5 Ra1 53.Kb5 Ke7 54.a6 Kd7 55.Kb6 Rb1+ 56.Rb5 Ke8  1-0

[Event "Meister Open"]
[Site "Basel SUI"]
[Date "2010.01.04"]
[Round "6"]
[White "Pelletier,Y"]
[Black "Mirzoev,A"]
[Result "1-0"]
[WhiteElo "2602"]
[BlackElo "2617"]

1.d4 d5 2.c4 e6 3.Nf3 Nf6 4.Nc3 Be7 5.Bf4 O-O 6.a3 dxc4 7.e3 a6 8.Bxc4 b5
9.Bd3 Bb7 10.b4 c6 11.Bxb8 Qxb8 12.O-O a5 13.Rb1 axb4 14.axb4 Bd6 15.Qc2 h6
16.Rfc1 Rc8 17.Ne4 Nxe4 18.Bxe4 e5 19.dxe5 Bxe5 20.Qc5 Bf6 21.Qf5 Kf8 22.h3 Qc7
23.Nd4 Bxd4 24.exd4 Qd6 25.Qh7 Qf6 26.Rb3 Ke7 27.Bb1 Rh8 28.Re3+ Kd7 29.Qc2 Rhe8
30.Rf3 Qe7 31.d5 Ra6 32.Qd2 cxd5 33.Qf4 Rd6 34.Bd3 Bc6 35.Qd4 Kd8 36.Qxg7 f6
37.Qxh6 d4 38.Rg3 Re6 39.Kh2 Qxb4 40.Bf5 Rd6 41.Rg7 Ree6 42.Rxc6  1-0

[Event "2nd Kirov Memorial Open"]
[Site "Blagoevgrad BUL"]
[Date "2010.01.12"]
[Round "2"]
[White "Todorov,O"]
[Black "Vasilev,M"]
[Result "1/2-1/2"]
[WhiteElo "2309"]
[BlackElo "2466"]

1.d4 Nf6 2.c4 e6 3.Nf3 d5 4.Nc3 Be7 5.Bf4 O-O 6.e3 c6 7.Qc2 Nbd7 8.Rd1 Nh5
9.Be5 Nhf6 10.Bg3 Qa5 11.cxd5 exd5 12.Bd3 Re8 13.O-O Nf8 14.h3 Be6 15.a3 Rac8
16.b4 Qd8 17.Na4 Bd6 18.Bxd6 Qxd6 19.Nc5 b6 20.Nxe6 Nxe6 21.Rc1 c5 22.bxc5 bxc5
23.dxc5 Rxc5 24.Qa4 Rec8 25.Rxc5 Nxc5 26.Qc2 Rc7 27.Rb1 g6 28.Bf1 Nce4 29.Rb8+ Kg7
30.Qb2 Rc3 31.Rb3 Rxb3 32.Qxb3 Qc5 33.Qb2 a5 34.Bd3 Qc3 35.Qxc3 Nxc3 36.Nd4 Nfe4
37.Bxe4 dxe4 38.a4 Kf6 39.Nc6 Ke6 40.Nxa5 Kd5  1/2-1/2

[Event "2nd Kirov Memorial Open"]
[Site "Blagoevgrad BUL"]
[Date "2010.01.12"]
[Round "2"]
[White "Grigorov,G"]
[Black "Nikolova,A"]
[Result "1/2-1/2"]
[WhiteElo "2508"]
[BlackElo "2336"]

1.Nf3 d5 2.d4 Nf6 3.c4 e6 4.Nc3 Be7 5.Bf4 O-O 6.e3 c5 7.dxc5 Bxc5 8.cxd5 exd5
9.Be2 Nc6 10.O-O Be6 11.Rc1 Rc8 12.Ne5 Bd6 13.Nxc6 bxc6 14.Qa4 Bxf4 15.Qxf4 c5
16.Rfd1 Qb6 17.Na4 Qa5 18.Nc3 Rfd8 19.Bf3 Rb8 20.b3 Rb4 21.Qe5 Nd7 22.Qg3 Nf6  1/2-1/2

[Event "2nd Kirov Memorial Open"]
[Site "Blagoevgrad BUL"]
[Date "2010.01.12"]
[Round "3"]
[White "Rusev,K"]
[Black "Nikolov,Sas"]
[Result "1/2-1/2"]
[WhiteElo "2547"]
[BlackElo "2403"]

1.d4 d5 2.c4 e6 3.Nf3 Nf6 4.Nc3 Be7 5.Bf4 O-O 6.e3 c5 7.dxc5 Bxc5 8.cxd5 Nxd5
9.Nxd5 exd5 10.a3 Nc6 11.Ne5 d4 12.Nxc6 bxc6 13.Rc1 Qe7 14.Qh5 Bb6 15.Bd3 g6
16.Qg5  1/2-1/2

[Event "2nd Kirov Memorial Open"]
[Site "Blagoevgrad BUL"]
[Date "2010.01.14"]
[Round "6"]
[White "Grigorov,G"]
[Black "Stanoev,A"]
[Result "1-0"]
[WhiteElo "2508"]
[BlackElo "2202"]

1.d4 d5 2.Nf3 Nf6 3.c4 e6 4.Nc3 Be7 5.Bf4 O-O 6.e3 c5 7.dxc5 Bxc5 8.cxd5 exd5
9.Be2 Nc6 10.O-O Be6 11.Rc1 Be7 12.h3 Ne4 13.Nd4 Nxc3 14.Rxc3 Bf6 15.Nxc6 bxc6
16.Rxc6 Bxb2 17.Qd2 Bf6 18.Bf3 d4 19.Rd6 dxe3 20.Rxd8  1-0

[Event "8th Parsvnath Open"]
[Site "New Delhi IND"]
[Date "2010.01.15"]
[Round "3"]
[White "Mehar,C"]
[Black "Roy Chowdhury,S"]
[Result "1/2-1/2"]
[WhiteElo "2258"]
[BlackElo "2413"]

1.d4 Nf6 2.Nf3 e6 3.c4 d5 4.Nc3 Be7 5.Bf4 O-O 6.e3 c6 7.h3 Nbd7 8.c5 b6 9.b4 Ne4
10.Nxe4 dxe4 11.Ne5 Nxe5 12.Bxe5 a5 13.a3 Qd5 14.Qc1 b5 15.Be2 Bb7 16.O-O axb4
17.axb4 Rxa1 18.Qxa1 Ra8 19.Qc3 Qa2 20.Bd1 Ra3  1/2-1/2

[Event "Vanderley Cason Melo Mem"]
[Site "Campinas BRA"]
[Date "2010.01.17"]
[Round "2"]
[White "Fier,A"]
[Black "De Nucci,G"]
[Result "1-0"]
[WhiteElo "2601"]
[BlackElo "2073"]

1.d4 Nf6 2.Nf3 e6 3.c4 d5 4.Nc3 Be7 5.Bf4 c6 6.e3 Nbd7 7.h3 O-O 8.cxd5 exd5
9.Bd3 Re8 10.O-O Nf8 11.Rb1 Ng6 12.Bh2 Bd6 13.Bxd6 Qxd6 14.Qc2 Qe7 15.b4 Bd7
16.b5 cxb5 17.Bxb5 Rac8 18.Qb3 Bxb5 19.Nxb5 a6 20.Nc3 Qd6 21.Rfc1 b5 22.a4 bxa4
23.Nxa4 Rxc1+ 24.Rxc1 Rb8 25.Rc6 Qxc6 26.Qxb8+ Nf8 27.Nc5 Nd7 28.Nxd7 Qxd7
29.Ne5 Qe6 30.Qa8 g5 31.Nd3 Kg7 32.Nc5 Qf5 33.Qxa6 Ng6 34.Qd3 Kf6 35.Qb3 h5
36.Na4 Kg7 37.Nb6 Ne7 38.Qb4 Qe6 39.Qc5 Kg6 40.Qc7 h4 41.Nd7 Kg7 42.Nc5 Qf6
43.Qd8 Kh6 44.Nd7  1-0

[Event "Porzellancup"]
[Site "Dresden GER"]
[Date "2010.01.17"]
[Round "7"]
[White "Graf,A"]
[Black "Zumsande,M"]
[Result "0-1"]
[WhiteElo "2593"]
[BlackElo "2413"]

1.d4 e6 2.c4 d5 3.Nf3 Nf6 4.Nc3 Be7 5.Bf4 O-O 6.e3 c5 7.dxc5 Bxc5 8.cxd5 Nxd5
9.Nxd5 exd5 10.a3 Nc6 11.Bd3 Bb6 12.O-O d4 13.e4 Bg4 14.h3 Bh5 15.Rc1 f6
16.Bc4+ Bf7 17.Bxf7+ Rxf7 18.Qb3 Qe8 19.Nd2 Kh8 20.Qd3 Bc7 21.Bxc7 Rxc7 22.f4 Rac8
23.b4 Nxb4 24.Qb1 Nc2 25.Qb3 Qe7 26.a4 Rc3 27.Qb2 Ne3 28.Rfe1 Qc5 29.Nb3 Qb6
30.Rb1 Nc4 31.a5 Qb4 32.Qa2 Na3 33.Rb2 Rxb3 34.Rxb3 Qxe1+ 35.Kh2 Nc4 36.Rxb7 Nd2
37.Rxa7 h5 38.Rd7 h4 39.Qf7 Nf3+  0-1

[Event "Porzellancup"]
[Site "Dresden GER"]
[Date "2010.01.17"]
[Round "9"]
[White "Khenkin,I"]
[Black "Zumsande,M"]
[Result "1-0"]
[WhiteElo "2590"]
[BlackElo "2413"]

1.d4 e6 2.c4 d5 3.Nf3 Be7 4.Nc3 Nf6 5.Bf4 O-O 6.a3 c5 7.dxc5 Bxc5 8.e3 Nc6
9.Qc2 Qa5 10.Rd1 Be7 11.Be2 Ne4 12.cxd5 Nxc3 13.bxc3 exd5 14.O-O Qxa3 15.Rxd5 Be6
16.Ng5 g6 17.Nxe6 fxe6 18.Rd7 Qc5 19.Qb3 Nd8 20.Rc7 Qa3 21.Qxa3 Bxa3 22.Ra1 Bb2
23.Ra2 Bc1 24.Rd7 Rxf4 25.exf4 Bxf4 26.Bf3 a5 27.g3 Be5 28.c4 a4 29.Bxb7 Nxb7
30.Rxb7 a3 31.c5 Ra6 32.Rb6 Ra5 33.c6 Bd6 34.Kg2 Ra4 35.Rb7 Rc4 36.c7 Rxc7
37.Rxc7 Bxc7 38.Rxa3 Bb6 39.Ra6 Bd4 40.Rxe6 Kf7 41.Rd6 Bg7 42.Rd7+ Kf6 43.g4 h6
44.f4 Bf8 45.Kf3 h5 46.g5+ Ke6 47.Rb7 Be7 48.f5+ gxf5 49.g6  1-0

[Event "Vanderley Cason Melo Mem"]
[Site "Campinas BRA"]
[Date "2010.01.19"]
[Round "6"]
[White "Leitao,R"]
[Black "Name,G"]
[Result "1-0"]
[WhiteElo "2620"]
[BlackElo "2170"]

1.d4 d5 2.c4 e6 3.Nc3 Nf6 4.Nf3 Be7 5.Bf4 O-O 6.e3 Nbd7 7.a3 c5 8.cxd5 exd5
9.Bd3 a6 10.Ne5 Re8 11.O-O cxd4 12.exd4 Nf8 13.Bc2 Ng6 14.Bg3 Bd6 15.Re1 b5
16.h4 Ne7 17.Qf3 Be6 18.h5 h6 19.Bh4 Nd7 20.Nc6 Qc8 21.Bxe7 Bxe7 22.Nxd5 Bd6
23.Be4 Kf8 24.Rac1 Nb8 25.Nb6  1-0

[Event "4th SOP-SMAOK Open"]
[Site "Athens GRE"]
[Date "2010.01.26"]
[Round "3"]
[White "Savoglou,N"]
[Black "Tassopoulos,M"]
[Result "1/2-1/2"]
[WhiteElo "1977"]
[BlackElo "2243"]

1.d4 Nf6 2.c4 e6 3.Nc3 d5 4.Nf3 Be7 5.Bf4 O-O 6.e3 c5 7.dxc5 Bxc5 8.Be2 Nc6
9.O-O dxc4 10.Qxd8 Rxd8 11.Bxc4 a6 12.Rfd1 b5 13.Rxd8+ Nxd8 14.Rd1 Bb7 15.Bb3 Nc6
16.Ne5 Rd8 17.Rxd8+ Nxd8 18.Nd3 Be7 19.a3 Kf8 20.f3 Ke8 21.Kf2 Nc6 22.Bc7 Kd7
23.Bb6 Kc8 24.Bc5 Bd8 25.a4 bxa4 26.Bxa4 Nd7 27.Ne4 Bc7 28.Nd6+ Bxd6 29.Bxd6 Nb6
30.Bxc6 Bxc6 31.Ne5 Be8 32.Bf8 g6 33.Bg7 Kc7 34.h4 Kd6 35.g4 f5 36.g5 Na4
37.Nd3 Bb5 38.b3 Nb6 39.Bd4 Nd7 40.Nb2 e5 41.Bc3 Kd5 42.Ke1 Nc5 43.b4 Nd7
44.Kd2 Nb6 45.Kc2 Be2 46.f4 exf4 47.exf4 Ke4 48.Be5 Nd5 49.Na4 Nxb4+ 50.Kb3 Nd3
51.Nc3+ Kf3 52.Nd5 Kg4 53.Nf6+ Kxh4 54.Nxh7 Kg3 55.Nf8 Bh5 56.Bd6 Kf3 57.Ne6 Ke3
58.Ka4 Ke4 59.Bb8 Kd5 60.Nc7+ Kc6 61.Ne6 Kd7 62.Nd4 Kc8 63.Bd6 Bd1+ 64.Ka5 Kb7
65.Ne6 Kc6 66.Bb8 Kd7 67.Nf8+ Kc8 68.Bd6 Nb2 69.Kxa6 Nc4 70.Bc5 Be2 71.Ka7 Bh5
72.Ka6 Nd2 73.Kb6 Kd8 74.Ne6+ Kd7 75.Nf8+ Ke8 76.Ne6 Bf3 77.Kc7 Ne4 78.Bd6 Bd1
79.Nc5 Nd2 80.Nd3 Kf7 81.Ne5+ Kg7 82.Kd7 Ba4+ 83.Ke7 Ne4 84.Nf7 Bb3 85.Be5+ Kg8
86.Nd6 Nxd6  1/2-1/2

[Event "8th Gibtelecom Masters"]
[Site "Caleta ENG"]
[Date "2010.01.26"]
[Round "1"]
[White "Bindrich,F"]
[Black "Al Tamimi,H"]
[Result "1-0"]
[WhiteElo "2512"]
[BlackElo "2238"]

1.d4 d5 2.c4 e6 3.Nc3 Be7 4.Nf3 Nf6 5.Bf4 O-O 6.e3 Nbd7 7.a3 c6 8.Bd3 b6
9.O-O Bb7 10.cxd5 Nxd5 11.Nxd5 exd5 12.Rc1 c5 13.Qc2 h6 14.Rfe1 c4 15.Bh7+ Kh8
16.Bf5 Nf6 17.Ne5 Nh5 18.Bg3 Nxg3 19.hxg3 b5 20.Qe2 Bd6 21.f4 Qe7 22.g4 Qh4
23.Rf1 g6 24.Bc2 Bc8 25.f5 Qe7 26.fxg6 Bxe5 27.dxe5 Qxe5 28.Qd2 Bxg4 29.e4 Qg5
30.Qd4+ f6 31.exd5 Be2 32.Rf4 Bf3 33.Qd2 Bxd5 34.Rd1 Bc6 35.Qf2 Rae8 36.Bf5 Re7
37.Rg4 Qh5 38.Qc5 Rfe8 39.g7+ Rxg7 40.Qxc6  1-0

[Event "Corus B"]
[Site "Wijk aan Zee NED"]
[Date "2010.01.27"]
[Round "10"]
[White "Ni Hua"]
[Black "Negi,P"]
[Result "1/2-1/2"]
[WhiteElo "2657"]
[BlackElo "2621"]

1.Nf3 d5 2.d4 Nf6 3.c4 e6 4.Nc3 Be7 5.Bf4 O-O 6.e3 c5 7.dxc5 Bxc5 8.cxd5 Nxd5
9.Nxd5 exd5 10.a3 Nc6 11.Bd3 Be7 12.O-O Bf6 13.Qc2 g6 14.Rfd1 Qb6 15.Rab1 Bg4
16.b4 Bxf3 17.gxf3 Rac8 18.Qc5 Rfd8 19.Qxb6 axb6 20.Be2 Ne5 21.Rbc1 Rxc1
22.Rxc1 Nc4 23.a4 g5 24.Bc7 Rc8 25.Bg3 h5 26.h3 h4 27.Bh2 Rd8 28.f4 gxf4
29.Bxf4 Nb2 30.Rc7 d4 31.exd4 Rxd4 32.Bh6 Bg7 33.Be3 Rxb4 34.Bh5 Nd3 35.Bxf7+ Kf8
36.Bg6 Ne5 37.Bh5 Nd3 38.Rc8+ Ke7 39.Rc7+ Kf8 40.Kf1 Rxa4 41.Bg6 Ne5 42.Bf5 Nf3
43.Bc8 Bd4 44.Bh6+ Ke8 45.Bd7+ Kd8 46.Bxa4 Kxc7 47.Bd1 Ne5 48.Bg5 Nd3 49.f3 Nf2
50.Bc2 Nxh3 51.Bxh4  1/2-1/2

[Event "8th Gibtelecom Masters"]
[Site "Caleta ENG"]
[Date "2010.01.29"]
[Round "4"]
[White "Fressinet,L"]
[Black "Adams,Mi"]
[Result "1/2-1/2"]
[WhiteElo "2670"]
[BlackElo "2694"]

1.d4 Nf6 2.c4 e6 3.Nf3 d5 4.Nc3 Be7 5.Bf4 O-O 6.e3 Nbd7 7.a3 c5 8.cxd5 Nxd5
9.Nxd5 exd5 10.dxc5 Nxc5 11.Be5 Bg4 12.Be2 Ne6 13.h3 Bxf3 14.Bxf3 d4 15.Bxd4 Nxd4
16.Qxd4 Qxd4 17.exd4 Rac8 18.O-O Rc7 19.Rac1 Rfc8 20.Rxc7 Rxc7 21.Re1 Kf8
22.Re2 b6 23.g3 Rc4 24.d5 a5 25.Re4 Rxe4 26.Bxe4 h6 27.a4 Bc5 28.Kf1 Ke7
29.Ke2 Kd6 30.b3 Ke5 31.Bd3  1/2-1/2

[Event "8th Gibtelecom Masters"]
[Site "Caleta ENG"]
[Date "2010.02.02"]
[Round "8"]
[White "Siebrecht,S"]
[Black "Lovik,L"]
[Result "0-1"]
[WhiteElo "2468"]
[BlackElo "2343"]

1.d4 Nf6 2.c4 e6 3.Nf3 d5 4.Nc3 Be7 5.Bf4 O-O 6.Qc2 c5 7.dxc5 Na6 8.e3 Nxc5
9.Be2 b6 10.cxd5 Nxd5 11.Rd1 Bb7 12.e4 Nb4 13.Qb1 Qc8 14.a3 Nc6 15.b4 Nd7
16.Nb5 e5 17.Be3 Nf6 18.Nd6 Bxd6 19.Rxd6 Ne7 20.Qb2 Nxe4 21.Rd3 f6 22.Qb3+ Kh8
23.O-O Nf5 24.Rc1 Qe8 25.a4 Ba6 26.b5 Bb7 27.Rc7 Nxe3 28.Rxe3 Nc5 29.Qd1 Rd8
30.Qc2 Rd6 31.Nh4 Rd7 32.Rxd7 Qxd7 33.Rh3 Be4 34.Ng6+ Bxg6 35.Qxg6 Qxh3  0-1

[Event "ch-ROU m"]
[Site "Baile Olanesti ROU"]
[Date "2010.02.03"]
[Round "5"]
[White "Dumitrache,D"]
[Black "Stanculescu,C"]
[Result "1-0"]
[WhiteElo "2472"]
[BlackElo "2229"]

1.d4 d5 2.Nf3 e6 3.c4 Be7 4.Nc3 Nf6 5.Bf4 O-O 6.e3 b6 7.Rc1 c5 8.Bd3 dxc4
9.Bxc4 cxd4 10.Nxd4 Bb7 11.O-O Nc6 12.Nxc6 Bxc6 13.Qe2 Bc5 14.a3 Qe7 15.Bb5 Bb7
16.Ba6 Bxa6 17.Qxa6 Bd6 18.Bxd6 Qxd6 19.Rfd1 Qe5 20.Qb5 Qxb5 21.Nxb5 g6 22.Kf1 Rfc8
23.Ke2 Rxc1 24.Rxc1 Ne8 25.g4 f6 26.Rc6 Kf7 27.Nc7 Rd8 28.Nxe6 Rd6 29.Nd4 Rxc6
30.Nxc6 a6 31.Kd3 Ke6 32.f4 Kd6 33.Nb4 Nc7 34.h4 Ke6 35.Nc2 Kd6 36.Nd4 Nd5
37.g5 f5 38.h5 Ne7 39.h6 Kd5 40.Ne2 Kd6 41.Nc3 Ke6 42.Kc4 Nc8 43.a4 Nd6+
44.Kd4 b5 45.axb5 axb5 46.b3 b4 47.Nd5 Nb7 48.Nxb4 Na5 49.Kc3 Nb7 50.Nc6 Kd5
51.Ne7+ Ke4 52.Kd2 Nd6 53.Ng8  1-0

[Event "ch-ROU m"]
[Site "Baile Olanesti ROU"]
[Date "2010.02.04"]
[Round "6"]
[White "Posedaru,B"]
[Black "Siclovan,C"]
[Result "1/2-1/2"]
[WhiteElo "2257"]
[BlackElo "2024"]

1.d4 Nf6 2.c4 e6 3.Nc3 d5 4.Nf3 Be7 5.Bf4 c6 6.e3 Nbd7 7.h3 O-O 8.Bd3 Re8
9.O-O Nf8 10.Ne5 N6d7 11.Nxd7 Qxd7 12.Qc2 Bd6 13.Bxd6 Qxd6 14.c5 Qd8 15.f4 f6
16.Qf2 b5 17.e4 f5 18.exf5 exf5 19.Rfe1 Be6 20.Nb1 Qc7 21.Nd2 Nd7 22.Qh4 a5
23.Nf3 g6 24.Re2 Qd8 25.Ng5 Nf8 26.Rae1 Qf6 27.Rxe6 Rxe6 28.Rxe6 Nxe6 29.Qxh7+ Kf8
30.Nxe6+ Qxe6 31.Qh8+ Qg8 32.Qf6+ Qf7 33.Qh8+ Qg8 34.Qf6+ Qf7 35.Qxc6 Re8
36.Bxb5 Re1+ 37.Kh2 Kg7 38.Qd6 Qe6 39.Qxe6 Rxe6 40.a3 Kf7 41.b4 axb4 42.axb4 Ke7
43.Kg3 Re4 44.Bc6 Rxd4 45.b5 Rb4 46.b6 d4 47.b7 d3 48.Bf3 d2 49.c6 Rb3 50.Kf2 Kd6
51.Ke2 Rb2 52.b8=Q+ Rxb8 53.Kxd2 Re8 54.Kd3 Re1 55.Kd2 Re7  1/2-1/2

[Event "ch-ROU m"]
[Site "Baile Olanesti ROU"]
[Date "2010.02.04"]
[Round "6"]
[White "Manolache,M"]
[Black "Bonte,An"]
[Result "1-0"]
[WhiteElo "2539"]
[BlackElo "2305"]

1.d4 d5 2.Nf3 Nf6 3.c4 e6 4.Nc3 Be7 5.Bf4 O-O 6.a3 Nbd7 7.Qc2 c5 8.dxc5 Nxc5
9.e3 Nce4 10.Nxe4 dxe4 11.Nd2 Qa5 12.Be2 Rd8 13.O-O-O Bd7 14.Nb3 Qa6 15.Bd6 Bxd6
16.c5 Bb5 17.Rxd6 Rxd6 18.Bxb5 Qxb5 19.cxd6 Qd7 20.Nc5 Qxd6 21.Nxe4 Nxe4
22.Qxe4 Rd8 23.Kb1 Qd2 24.Qc2 g6 25.h4 h5 26.Rc1 Qxc2+ 27.Rxc2 Kg7 28.Rc7 Rd2
29.f4 b5 30.Rxa7 Rxg2 31.Rb7 Rh2 32.Rxb5 Rxh4 33.a4 Rh1+ 34.Ka2 h4 35.Rb3 Rg1
36.Rc3 h3 37.Rc2 Rg2 38.Rc1 Re2 39.a5 Rxe3 40.a6 Rd3 41.b4 Rd2+ 42.Kb3 Rd3+
43.Ka4 Rd2 44.b5 Ra2+ 45.Kb3 Ra5 46.Kb4 Ra2 47.Kc5 h2 48.Kb6 e5 49.Rh1 exf4
50.a7 f3 51.Rxh2 Rxh2 52.a8=Q f2 53.Qf3 f5 54.Kc7 Kf6 55.b6 g5 56.b7 g4 57.Qc6+  1-0

[Event "Georgi Tringov Mem"]
[Site "Plovdiv BUL"]
[Date "2010.02.04"]
[Round "7"]
[White "Iotov,V"]
[Black "Nikolov,Sas"]
[Result "1/2-1/2"]
[WhiteElo "2575"]
[BlackElo "2403"]

1.d4 d5 2.Nf3 e6 3.c4 Nf6 4.Nc3 Be7 5.Bf4 O-O 6.e3 c5 7.dxc5 Bxc5 8.a3 Nc6
9.Qc2 Qa5 10.Rd1 Be7 11.Be2 dxc4 12.Bxc4 Nh5 13.Bd6 Bxd6 14.Rxd6 Nf6 15.O-O Qc5
16.Nb5 Na5 17.Rd4 Nxc4 18.Qxc4 Qxc4 19.Rxc4 Bd7 20.Nc7 Rac8 21.Rfc1 Rfd8
22.Ne5 Ne8 23.f3 f6 24.Nxe8 Rxc4 25.Nxf6+ gxf6 26.Nxc4 Bb5 27.Na5 b6 28.Nc6 Bxc6
29.Rxc6 Rd1+ 30.Kf2 Rd2+ 31.Kg3 Rxb2 32.Rxe6 Kf7 33.Rc6 Rb3 34.Rc7+ Kg6 35.Rxa7 Rxe3
36.h4 Re2 37.Ra4 Ra2 38.Rg4+ Kf5 39.a4 h5 40.Rb4 Ra3 41.Kf2 Ra2+ 42.Ke3 Rxg2
43.Rxb6 Ra2 44.Rb5+ Kg6 45.a5 Ra3+ 46.Kd4 Ra4+ 47.Kc5 Rxh4 48.Kb6 Ra4 49.a6 h4
50.a7 h3 51.Kb7 h2 52.Rb1 Kf5 53.Rh1 Kf4 54.Rxh2 Kxf3 55.Rh6 Rxa7+ 56.Kxa7 f5
57.Kb6 f4 58.Kc5 Ke3 59.Re6+ Kd3 60.Rf6 Ke3 61.Kc4 f3 62.Re6+ Kd2 63.Rd6+ Ke2
64.Kc3 f2 65.Re6+ Kf3 66.Kd2 f1=Q 67.Rf6+ Kg2 68.Rxf1 Kxf1  1/2-1/2

[Event "FSIMA February"]
[Site "Budapest HUN"]
[Date "2010.02.08"]
[Round "3"]
[White "Szabo,Ben"]
[Black "Binder,Mi"]
[Result "1-0"]
[WhiteElo "2261"]
[BlackElo "2208"]

1.d4 d5 2.c4 e6 3.Nc3 Be7 4.Nf3 Nf6 5.Bf4 O-O 6.e3 c5 7.dxc5 Bxc5 8.cxd5 Nxd5
9.Nxd5 exd5 10.a3 Nc6 11.Bd3 Bb6 12.O-O d4 13.e4 Bg4 14.h3 Bh5 15.Rc1 Re8
16.Re1 Rc8 17.b4 a6 18.Bc4 Qf6 19.Bh2 Red8 20.Bd5 Rd7 21.Qd3 Bxf3 22.e5 Be2
23.Qxe2 Qd8 24.Ba2 Re7 25.Bg3 Qe8 26.Qd2 Kh8 27.f4 Qd7 28.Qd3 Rce8 29.Kh2 Bc7
30.Bb3 Rd8 31.Ba4 Re6 32.Bd1 Ree8 33.Bf3 Bb8 34.Be4 g6 35.Bh4 Ne7 36.Bf6+ Kg8
37.Qg3 Nf5 38.Bxf5  1-0

[Event "TCh-Eur Seniors"]
[Site "Dresden GER"]
[Date "2010.02.10"]
[Round "1"]
[White "Lechtynsky,J"]
[Black "Hampel,Johannes"]
[Result "1-0"]
[WhiteElo "2393"]
[BlackElo "2126"]

1.d4 d5 2.Nf3 Nf6 3.c4 e6 4.Nc3 Be7 5.Bf4 O-O 6.e3 b6 7.cxd5 Nxd5 8.Nxd5 exd5
9.Bd3 Bb4+ 10.Ke2 Bd6 11.Bxd6 Qxd6 12.Rc1 Ba6 13.Bxa6 Nxa6 14.Qa4 Nb8 15.Rhd1 a5
16.Kf1 c6 17.Kg1 Ra7 18.a3 Rc7 19.b4 axb4 20.axb4 c5 21.dxc5 bxc5 22.bxc5 Rxc5
23.Rxc5 Qxc5 24.Nd4 Rd8 25.Nf5 g6 26.Nd4 Nd7 27.Qc6 Kg7 28.Qb7 Nf8 29.h4 Qd6
30.Qb2 f6 31.Rc1 Rd7 32.Qb5 Qe5 33.g3 Kh6 34.Rc8 Rf7 35.Rd8 Ne6 36.Nxe6 Qxe6
37.Rxd5 Rc7 38.Rd1 Qe4 39.Qb6 Qf3 40.Qxc7 Qxd1+ 41.Kg2 Qd5+ 42.Kh2 Qd2 43.Qf4+ Kg7
44.g4 h6 45.Kg3 Qe1 46.Qc7+ Kf8 47.Qd6+ Kf7 48.Qd5+ Kg7 49.Kg2 Qe2 50.Qb7+ Kg8
51.Qf3 Qc4 52.Qxf6 Qxg4+ 53.Kh2 Kh7 54.f3 Qc4 55.Qe7+ Kh8 56.Kg3 Qf1 57.Qf8+ Kh7
58.Qf7+ Kh8 59.Qf8+ Kh7 60.Qe7+ Kh8 61.Qd8+ Kh7 62.Qd7+ Kg8 63.Qd5+ Kh7 64.Kf4 Qg1
65.Qd7+ Kg8 66.Qg4 Qb1 67.Qe6+ Kg7 68.Qd7+ Kf6 69.Qc6+ Kf7 70.Qc4+ Kf6 71.Qc3+ Kf7
72.e4 Qg1 73.Qc4+ Ke7 74.Qc7+ Kf8 75.Ke5 Qg3+ 76.f4 Qxh4 77.Ke6 Kg8 78.Qf7+ Kh8
79.Qe8+ Kg7 80.Qd7+ Kg8 81.Qc8+ Kg7 82.Qc7+ Kg8 83.Qb8+ Kg7 84.Qc7+ Kg8 85.Qf7+ Kh8
86.e5 Qh3+ 87.Ke7 Qa3+ 88.Kf6 Qa6+ 89.Qe6  1-0

[Event "TCh-Eur Seniors"]
[Site "Dresden GER"]
[Date "2010.02.13"]
[Round "4"]
[White "Stavenhagen,J"]
[Black "Bjorgvik,J"]
[Result "1/2-1/2"]
[WhiteElo "2011"]
[BlackElo "1921"]

1.d4 d5 2.Nf3 e6 3.c4 Nf6 4.Nc3 Be7 5.Bf4 a6 6.e3 O-O 7.Rc1 c6 8.Bd3 dxc4
9.Bxc4 Nd5 10.Bg3 Nxc3 11.bxc3 Qa5 12.Qc2 Nd7 13.O-O Nf6 14.Bd3 h6 15.Ne5 Qd8
16.Rb1 Nh5 17.h3 Nxg3 18.fxg3 f5 19.Qb3 Kh7 20.e4 g6 21.Nc4 b5 22.Ne5 Qd6
23.exf5 gxf5 24.Qd1 Bf6 25.Re1 c5 26.Qf3 Ra7 27.Qe3 cxd4 28.cxd4 Qd5 29.Kh2 Rd8
30.Rbd1 Kg7 31.Be2 Rc7 32.a3 Qe4 33.Qxe4 fxe4 34.Bg4 Bxe5 35.dxe5 Rxd1 36.Rxd1 e3
37.Rd3 Bb7 38.Rxe3 Rc2 39.Be2 a5 40.Kg1 b4 41.axb4 axb4 42.Bf3 Rc3 43.Kf2 Rc2+
44.Ke1 Bd5 45.Kd1 Ra2 46.g4 Kf7 47.h4 b3 48.Bxd5 exd5 49.Rxb3 Rxg2 50.Rb6 Kg7
51.Rb7+ Kf8 52.Rh7 Rxg4 53.Rxh6 Re4  1/2-1/2

[Event "Open"]
[Site "Novy Bor CZE"]
[Date "2010.02.13"]
[Round "1"]
[White "Plischki,S"]
[Black "Horyna,J"]
[Result "1-0"]
[WhiteElo "2364"]
[BlackElo "1928"]

1.c4 Nf6 2.Nc3 e6 3.Nf3 d5 4.d4 Be7 5.Bf4 a6 6.e3 Nbd7 7.c5 c6 8.Bd3 b5 9.h3 h6
10.b4 Bb7 11.O-O O-O 12.a4 Re8 13.Qc2 Bf8 14.Ra3 bxa4 15.Rxa4 g5 16.Bg3 Nh5
17.Bh2 Nhf6 18.Rfa1 g4 19.hxg4 Nxg4 20.Bg3 Qf6 21.Bxa6 Rxa6 22.Rxa6 Bxa6
23.Rxa6 e5 24.Nxd5 Qg7 25.Rxc6 exd4 26.Qb2 dxe3 27.Qxg7+ Kxg7 28.Nxe3 Nxe3
29.fxe3 Rxe3 30.Rc7 Rd3 31.Kh2 Rd1 32.Ne5 Nxe5 33.Bxe5+ Kg6 34.Rc8 Be7 35.Re8  1-0

[Event "Cotroceni Women"]
[Site "Bucharest ROU"]
[Date "2010.02.14"]
[Round "5"]
[White "Khotenashvili,B"]
[Black "Melia,S"]
[Result "1-0"]
[WhiteElo "2461"]
[BlackElo "2431"]

1.d4 Nf6 2.c4 e6 3.Nf3 d5 4.Nc3 Be7 5.Bf4 O-O 6.e3 Nbd7 7.Bd3 dxc4 8.Bxc4 c5
9.O-O cxd4 10.exd4 Nb6 11.Bd3 Nbd5 12.Nxd5 Nxd5 13.Bg3 b6 14.Qc2 Nb4 15.Bxh7+ Kh8
16.Qb1 f5 17.Bg6 f4 18.Ne5 fxg3 19.Bf7 g6 20.Qxg6 Bg5 21.f4 Bb7 22.hxg3 Qxd4+
23.Rf2 Be4 24.Qh5+ Bh7 25.Bg6 Kg7 26.Qxh7+  1-0